| 000 | 00498nam a2200157Ia 4500 | ||
|---|---|---|---|
| 008 | 230907s9999||||xx |||||||||||||| ||und|| | ||
| 082 |
_a620 _bHAS |
||
| 100 |
_aAbdul Haseeb (00000273669) _9116676 |
||
| 245 | 0 | _aExperimental Performance Evaluation of a PV/T System Under Real-Time Climatic Conditions / | |
| 260 |
_aUSPCAS-E, NUST, _bIslamabad : _c2022 |
||
| 300 | _axii, 62 p. | ||
| 520 | _a TH-346 | ||
| 650 | _aMS-TEE Thesis MS Thesis | ||
| 700 |
_aDr Adeel Waqas _928869 |
||
| 942 |
_cTHE _2ddc |
||
| 999 |
_c602024 _d602024 |
||